000
00209nam a2200085Ia 4500
245
0
_a
Daemon
100
_a
Suarez, Daniel London, 2009
_9
76199
942
_c
BK
008
210817s9999 xx 000 0 und d
999
_c
297577
_d
297576